Gender, sexuality and embodiment: access to and experience of healthcare by same-attracted women in Australia /

Este artículo identifica la manera en que las mujeres homosexuales negocian la atención médica en regiones rurales de Australia. Se realizaron entrevistas detalladas a diez mujeres. Eligieron a sus médicos de cabecera cuidadosamente para determinar su si actitud hacia la homosexualidad era aceptable...

Volledige beschrijving

Bewaard in:
Bibliografische gegevens
Hoofdauteur: Edwards, Jane
Andere auteurs: Roekel, Hellen van
Formaat: Texto
Onderwerpen:
Tags: Voeg label toe
Geen labels, Wees de eerste die dit record labelt!

MARC

LEADER 00000 a a2200000 04500
001 4794
003
040
100 |a Edwards, Jane  
245 |a Gender, sexuality and embodiment:   |b access to and experience of healthcare by same-attracted women in Australia /  |c Jane Edwards 
520 |a Este artículo identifica la manera en que las mujeres homosexuales negocian la atención médica en regiones rurales de Australia. Se realizaron entrevistas detalladas a diez mujeres. Eligieron a sus médicos de cabecera cuidadosamente para determinar su si actitud hacia la homosexualidad era aceptable. Sin embargo, la sexualidad no es el único criterio de evaluación aceptable por parte de las mujeres entrevistadas  
650 |a ATENCION MEDICA  
650 |a MUJERES  
650 |a HOMOSEXUALIDAD  
650 |a AUSTRALIA  
700 |a Roekel, Hellen van  
773 |g volumen 57, número 2; páginas 193-210  
999 |c 24689  |d 24689